<?xml version="1.0" encoding="UTF-8"?>
<record
    xmlns:xsi="http://www.w3.org/2001/XMLSchema-instance"
    xsi:schemaLocation="http://www.loc.gov/MARC21/slim http://www.loc.gov/standards/marcxml/schema/MARC21slim.xsd"
    xmlns="http://www.loc.gov/MARC21/slim">

  <leader>01450nac a22002771u 4500</leader>
  <controlfield tag="008">091208t        xxu||||| |||| 00| 0 eng d</controlfield>
  <datafield tag="010" ind1=" " ind2=" ">
    <subfield code="a">  2004269766</subfield>
  </datafield>
  <datafield tag="020" ind1=" " ind2=" ">
    <subfield code="a">9810681380</subfield>
  </datafield>
  <datafield tag="020" ind1=" " ind2=" ">
    <subfield code="a">9789810681388</subfield>
  </datafield>
  <datafield tag="082" ind1="0" ind2="0">
    <subfield code="a">620.105</subfield>
    <subfield code="b">HIB</subfield>
  </datafield>
  <datafield tag="100" ind1=" " ind2=" ">
    <subfield code="a">Schiavone, Peter.</subfield>
    <subfield code="9">9742</subfield>
  </datafield>
  <datafield tag="245" ind1="1" ind2="0">
    <subfield code="a">Engineering Mechanics :</subfield>
    <subfield code="b">Dynamic : Dynamics Study Pack Chapter Reviews, Free Body Diagram Work Book /</subfield>
    <subfield code="c"> Peter Schiavone; R.C. Hibbeler</subfield>
  </datafield>
  <datafield tag="246" ind1="3" ind2="0">
    <subfield code="a">Statics.</subfield>
  </datafield>
  <datafield tag="250" ind1=" " ind2=" ">
    <subfield code="a">12th ed.</subfield>
  </datafield>
  <datafield tag="260" ind1=" " ind2=" ">
    <subfield code="a">Upper Saddle River, NJ :</subfield>
    <subfield code="b">Prentice Hall, 2010</subfield>
    <subfield code="c">2010</subfield>
  </datafield>
  <datafield tag="300" ind1=" " ind2=" ">
    <subfield code="a">160 p.  :</subfield>
    <subfield code="b">ill. ;</subfield>
    <subfield code="c">25 cm.</subfield>
  </datafield>
  <datafield tag="650" ind1=" " ind2="0">
    <subfield code="a">Dynamics.</subfield>
    <subfield code="9">18767</subfield>
  </datafield>
  <datafield tag="650" ind1=" " ind2="0">
    <subfield code="a">Dynamics</subfield>
    <subfield code="9">22678</subfield>
    <subfield code="x">problems, exercises</subfield>
  </datafield>
  <datafield tag="700" ind1=" " ind2=" ">
    <subfield code="a">Hibbeler, R. C.              </subfield>
    <subfield code="9">10021</subfield>
  </datafield>
  <datafield tag="942" ind1=" " ind2=" ">
    <subfield code="c">NB</subfield>
    <subfield code="k">620.105 HIB</subfield>
    <subfield code="2">ddc</subfield>
  </datafield>
  <datafield tag="999" ind1=" " ind2=" ">
    <subfield code="c">15041</subfield>
    <subfield code="d">15041</subfield>
  </datafield>
  <datafield tag="952" ind1=" " ind2=" ">
    <subfield code="0">0</subfield>
    <subfield code="1">0</subfield>
    <subfield code="2">ddc</subfield>
    <subfield code="4">0</subfield>
    <subfield code="7">0</subfield>
    <subfield code="8">Baccah</subfield>
    <subfield code="a">MAIN</subfield>
    <subfield code="b">MAIN</subfield>
    <subfield code="c">1ST</subfield>
    <subfield code="d">2011-03-22</subfield>
    <subfield code="e">purchase</subfield>
    <subfield code="l">0</subfield>
    <subfield code="o">620.105 HIB</subfield>
    <subfield code="p">000023082</subfield>
    <subfield code="r">2025-07-15 00:00:00</subfield>
    <subfield code="y">NB</subfield>
  </datafield>
  <datafield tag="952" ind1=" " ind2=" ">
    <subfield code="0">0</subfield>
    <subfield code="1">0</subfield>
    <subfield code="2">ddc</subfield>
    <subfield code="4">0</subfield>
    <subfield code="7">0</subfield>
    <subfield code="8">Baccah</subfield>
    <subfield code="a">MAIN</subfield>
    <subfield code="b">MAIN</subfield>
    <subfield code="c">1ST</subfield>
    <subfield code="d">2011-03-22</subfield>
    <subfield code="e">purchase</subfield>
    <subfield code="l">1</subfield>
    <subfield code="m">3</subfield>
    <subfield code="o">620.105 HIB</subfield>
    <subfield code="p">000023083</subfield>
    <subfield code="r">2025-07-15 00:00:00</subfield>
    <subfield code="s">2014-11-03</subfield>
    <subfield code="y">BB</subfield>
  </datafield>
  <datafield tag="952" ind1=" " ind2=" ">
    <subfield code="0">0</subfield>
    <subfield code="1">0</subfield>
    <subfield code="2">ddc</subfield>
    <subfield code="4">0</subfield>
    <subfield code="7">0</subfield>
    <subfield code="8">Baccah</subfield>
    <subfield code="a">MAIN</subfield>
    <subfield code="b">MAIN</subfield>
    <subfield code="c">1ST</subfield>
    <subfield code="d">2011-03-22</subfield>
    <subfield code="e">purchase</subfield>
    <subfield code="l">1</subfield>
    <subfield code="m">19</subfield>
    <subfield code="o">620.105 HIB</subfield>
    <subfield code="p">000023084</subfield>
    <subfield code="r">2025-07-15 00:00:00</subfield>
    <subfield code="s">2017-02-15</subfield>
    <subfield code="y">BB</subfield>
  </datafield>
  <datafield tag="952" ind1=" " ind2=" ">
    <subfield code="0">0</subfield>
    <subfield code="1">0</subfield>
    <subfield code="2">ddc</subfield>
    <subfield code="4">0</subfield>
    <subfield code="7">0</subfield>
    <subfield code="8">Baccah</subfield>
    <subfield code="a">MAIN</subfield>
    <subfield code="b">MAIN</subfield>
    <subfield code="c">1ST</subfield>
    <subfield code="d">2011-03-22</subfield>
    <subfield code="e">purchase</subfield>
    <subfield code="l">2</subfield>
    <subfield code="m">8</subfield>
    <subfield code="o">620.105 HIB</subfield>
    <subfield code="p">000023085</subfield>
    <subfield code="r">2025-07-15 00:00:00</subfield>
    <subfield code="s">2017-04-05</subfield>
    <subfield code="y">BB</subfield>
  </datafield>
  <datafield tag="952" ind1=" " ind2=" ">
    <subfield code="0">0</subfield>
    <subfield code="1">0</subfield>
    <subfield code="2">ddc</subfield>
    <subfield code="4">0</subfield>
    <subfield code="7">0</subfield>
    <subfield code="8">Baccah</subfield>
    <subfield code="a">MAIN</subfield>
    <subfield code="b">MAIN</subfield>
    <subfield code="c">1ST</subfield>
    <subfield code="d">2011-10-11</subfield>
    <subfield code="e">purchase</subfield>
    <subfield code="l">1</subfield>
    <subfield code="o">620.105 HIB</subfield>
    <subfield code="p">000025377</subfield>
    <subfield code="r">2025-07-15 00:00:00</subfield>
    <subfield code="s">2014-12-08</subfield>
    <subfield code="y">BB</subfield>
  </datafield>
  <datafield tag="952" ind1=" " ind2=" ">
    <subfield code="0">0</subfield>
    <subfield code="1">0</subfield>
    <subfield code="2">ddc</subfield>
    <subfield code="4">0</subfield>
    <subfield code="7">0</subfield>
    <subfield code="a">MAIN</subfield>
    <subfield code="b">MAIN</subfield>
    <subfield code="c">1ST</subfield>
    <subfield code="d">2018-02-25</subfield>
    <subfield code="l">0</subfield>
    <subfield code="o">620.105 HIB</subfield>
    <subfield code="p">000047285</subfield>
    <subfield code="r">2025-07-15 00:00:00</subfield>
    <subfield code="y">NB</subfield>
  </datafield>
</record>
